| 000 | 00634nam a2200217 a 4500 | ||
|---|---|---|---|
| 005 | 20210219153431.0 | ||
| 008 | 991125n 000 0 u | ||
| 035 | _aUPN01000099141 | ||
| 100 | _aFouts, Jeffrey T. | ||
| 222 | _aSOCIAL EDUCATION | ||
| 245 | _aA second look is always a good idea : comments on the Van Deraa and Schug replication study | ||
| 300 | _a120-121 | ||
| 362 | _a57, No. 3, 1993 | ||
| 505 | _aOctubre 1993 | ||
| 653 | 0 | _aEFICACIA DE LA ENSE\197ANZA | |
| 653 | 0 | _aENTRENADORES ATLETICOS | |
| 653 | 0 | _aESTUDIOS SOCIALES | |
| 653 | 0 | _aINNOVACION EDUCATIVA | |
| 904 |
_aAC _b036952 |
||
| 905 | _aArticulo | ||
| 999 |
_c76692 _d76692 |
||